00394cam a2200133u 4500082002700000100001500027110006800042245004600110250001200156260002200168300002500190526003700215650000800252 a621.56bREFcL-8, P-10 aA. S. R. E2 aAmerican society of refrigerating engineers. [from old catalog]04aThe refrigerating data book .cA. S. R. E a6th ed. a[New York,c1949] a247 p.bill.c24 cm. a0b0c0d621_560000000000000_REF aMCE